000
00214 a2200097 4500
001
4592
100
_a
Morse,P.M
245
_a
Metods of theoritical physics pt II
260
_a
_b
Mcgrawhill
_c
090
_c
3786
_d
3786
942
_a
NUST-CAE
_c
M
_c
30029
999
_c
239665
_d
239665